Highest Goalscorers in the Champions League From France - Statistics

General Stats
  • This quiz has been taken 205 times
  • The average score is 14 of 22
Answer Stats
# Goals Games Years Main Team(s) Answer % Correct
3 40 61 2016- Paris Saint-Germain, AS Monaco Kylian Mbappé
99%
2 50 115 1997-'98, 1999-'10, 2011-'12 Arsenal, Barcelona Thierry Henry
99%
4 30 85 2013- Atlético Madrid, Barcelona Antoine Griezmann
98%
1 90 152 2005-2023 Real Madrid, Olympique Lyon Karim Benzema
98%
7 23 58 2012-'18, 2019- Arsenal, AC Milan Olivier Giroud
93%
9 18 87 2008-2019 Bayern Munich Franck Ribéry
87%
13 14 80 1996-'99, 2000-'06 Real Madrid, Juventus Zinédine Zidane
86%
10 17 28 1982-'83, 1984-'87 Juventus Michel Platini
85%
5 29 58 1997-'98, 2001-'06, 2008-'10 Juventus, AS Monaco David Trezeguet
84%
22 10 40 2016- Barcelona, Borussia Dortmund Ousmane Dembélé
78%
6 28 37 1989-1995 Olympique Marseille, AC Milan Jean-Pierre Papin
74%
12 14 52 2014- Bayern Munich, Juventus Kingsley Coman
74%
8 20 68 1998-'01, 2005-'06, 2007-'13 Chelsea, Paris Saint-Germain Nicolas Anelka
70%
14 14 82 1999-'06, 2008-'09 Arsenal, Olympique Marseille Robert Pirés
63%
15 11 31 2015-'17, 2019- RB Leipzig, Paris Saint-Germain Christopher Nkunku
57%
11 15 76 1999-2007 Arsenal, Olympique Lyon Sylvain Wiltord
48%
18 10 14 2016-2018 Sevilla Wissam Ben Yedder
46%
17 10 8 1958-'59, 1960-'61 Stade Reims Just Fontaine
40%
16 11 73 2000-2011 Olympique Lyon, Panathinaikos Sidney Govou
25%
20 10 19 1989-'90, 1991-'93 Olympique Marseille Franck Sauzée
13%
21 10 32 1967-'71, 1974-'77 Saint-Étienne Hervé Revelli
5%
19 10 14 1956-'57, 1959-'60 Nice Jacques Foix
1%
No matching quizzes found
Score Distribution
Percent of People with Each Score
Percentile by Number Answered
Your Score History
You have not taken this quiz